| 000 | 00000nam##2200000za#4500 |
| 001 | 9.625833 |
| 003 | CaOODSP |
| 005 | 20200327184331 |
| 007 | ta |
| 008 | 150406|2001||||xxc||||| f|0| 0 fre|d |
| 020 | |a0-662-86395-X |
| 040 | |aCaOODSP|bfre |
| 043 | |an-cn--- |
| 086 | 1 |aH113-11/2001-1F |
| 110 | 1 |aCanada.|bSanté Canada. |bAgence de réglementation de la lutte antiparasitaire. |
| 245 | 10|aÉtat des examens conjoints de l'ALENA (EC) destinés aux pesticides ordinaires EPA (États-Unis), ARLA (Canada) et CICOPLAFEST (Mexique) |
| 260 | |aOttawa - Ontario : |bSanté Canada. |c2001. |
| 300 | |a6p. ; |c28 cm. |
| 490 | 1 |aALENA examen conjoint (Série NAFTA-JR) |vNAFTA-JR 2001-01 |
| 563 | |aCouverture souple |
| 590 | |a01-50|b2001-12-14 |
| 691 | 07|aPesticide|2gcpds |
| 691 | 07|aLibre-échange|2gcpds |
| 775 | 08|tStatus of NAFTA Joint Reviews (JR) of Conventional Pesticides - U.S. EPA, Canada PMRA and Mexico CICOPLAFEST |w(CaOODSP)9.615818 |
| 776 | 0#|tÉtat des examens conjoints de l'ALENA (EC) destinés aux pesticides ordinaires EPA (États-Unis), ARLA (Canada) et CICOPLAFEST (Mexique) |w(CaOODSP)9.590991 |
| 830 | #0|aALENA examen conjoint (Série NAFTA-JR)|vNAFTA-JR 2001-01|w(CaOODSP)9.513053 |